Cinema and fascism : Italian film and society, 1922-1943

Αποθηκεύτηκε σε:
Λεπτομέρειες βιβλιογραφικής εγγραφής
Κύριος συγγραφέας: Ricci, Steven
Μορφή: Βιβλίο
Γλώσσα:English
Δημοσίευση: Berkeley : University of California Press, c2008
Θέματα:
Ετικέτες: Προσθήκη ετικέτας
Δεν υπάρχουν, Καταχωρήστε ετικέτα πρώτοι!

MARC

LEADER 00000cam a2200000 i 4500
001 1/3865
008 100129s2008 eng d
020 |a 978-0-520-25356-8 (pbk.) 
035 |l 10106529 
040 |a GR-MY-UA  |b gre  |e aacr 
041 0 |a eng 
082 0 |a 791.43094509041  |2 (22) 
100 1 |a Ricci, Steven. 
245 1 0 |a Cinema and fascism :  |b Italian film and society, 1922-1943 /  |c Steven Ricci 
260 |a Berkeley :   |b University of California Press,   |c c2008 
300 |a xiv, 233 σ.;  |b εικ.;  |c 23 εκ. 
504 |a Βιβλιογραφία: σ. 207-217 
504 |a Ευρετήριο: σ. 219-233 
650 0 0 |a Motion pictures  |z Italy  |x History. 
650 0 0 |a Fascism and motion pictures  |z Italy  |x History. 
650 0 0 |a Motion pictures  |x Social aspects  |z Italy. 
852 |a INST  |b LESVOS  |e 20100129  |h 791.43094509041 RIC  |p 005100045810  |q 005100045810  |t BK  |y 0 
901 |a BIBL1-2010-1 
909 |a Λ  |b 160700 
970 |a ΓΙΑΛΑΜΑ  |b ΜΑΡΙΑ  |z 2010/01/29